| 000 | 01202nam a2200325 a 4500 | ||
|---|---|---|---|
| 001 | 000111242 | ||
| 003 | CHAP | ||
| 005 | 20220329144204.0 | ||
| 008 | 150121s2014 mx a fsm |||||||spa d | ||
| 010 | _a107704 | ||
| 011 | _a108676 | ||
| 040 | _cCHAP | ||
| 090 | _aTesis | ||
| 100 | 1 |
_aRuiz Rios, Diana Andrea _9129074 |
|
| 245 | 1 | 0 |
_aMetabolitos secundarios en aceite esencial de romero (Rosmarinus officinalis L.) cultivado en hidroponia, acuaponia y campo abierto _h[En línea] _cpor Diana Andrea Ruiz Rios. |
| 260 |
_aChapingo, Méx. : _bEl autor, _c2014. |
||
| 500 | _aPara ver el contenido del material haga clic en la liga | ||
| 502 | _aTesis (Agrónomo en Horticultura Protegida) -- UACH. Departamento de Fitotecnia | ||
| 590 |
_aE11695DGD _b10 _c20150123 _lUCH01 _h1119 |
||
| 590 |
_aE6096MTM _b05 _c20150121 _lUCH01 _h1456 |
||
| 590 |
_aE6096MTM _b05 _c20150121 _lUCH01 _h1457 |
||
| 650 | 1 | 4 |
_aAceites vegetales _xAnálisis. _9458 |
| 650 | 1 | 4 |
_aExtractos vegetales. _939214 |
| 650 | 1 | 4 |
_aHidroponía. _955280 |
| 650 | 1 | 4 |
_aSistemas de producción. _9106767 |
| 856 |
_aFinding aid _uhttp://10.13.5.2/tesis/sist111242.pdf _zTeclea aquí |
||
| 901 | _aBK | ||
| 942 | _cTESIS | ||
| 942 | _n0 | ||
| 999 |
_c107704 _d107704 |
||